Guía para el manejo, cría y conservación del laurel de cera Myryca pubescens H AND B ex Willdenow (Registro nro. 5482)

Detalles MARC
000 -CABECERA
Campo de control 00503nam a2200169 a 4500
005 - FECHA Y HORA DE LA ULTIMA TRANSACCION
Campo de control 20140822095637.0
008 - ELEMENTOS DE LONGITUD FIJA—INFORMACION GENERAL
Campo de control 140822b1999 CK ||||| |||| 00| 0 spa d
020 ## - ISBN
ISBN 9586980006
041 ## - IDIOMA
Código de idioma para texto/pista de sonido o título separado Español
082 04 - NUMERO DE CLASIFICACION DECIMAL DEWEY
Número de clasificación LB
Número del ítem 665.12
100 ## - ASIENTO PRINCIPAL--NOMBRE PERSONAL
Nombre personal Muñoz Hoyos, Jairo
245 ## - MENCION DE TITULO
Título Guía para el manejo, cría y conservación del laurel de cera Myryca pubescens H AND B ex Willdenow
260 ## - PUBLICACION, DISTRIBUCION, ETC. (PIE DE IMPRENTA)
Lugar de publicación, distribución, etc. Bogotá
Nombre del editor, distribuidor, etc. CAB
Fecha de publicación, distribución, etc. 2005
300 ## - DESCRIPCION FISICA
Extensión 36 p.
700 ## - ASIENTO SECUNDARIO - NOMBRE PERSONAL
Nombre personal Luna Cabrera, Cristina
942 ## - ELEMENTOS ADICIONALES (KOHA)
Tipo de ítem CD-ROM
Koha issues (borrowed), all copies 1
Sistema de clasificación Dewey Decimal Classification
Existencias
Withdrawn status Lost status Sistema de Clasificación Damaged status No para préstamo Colección Inventariado Ubicación Permanente Ubicación actual Fecha de adquisición Fuente de Valor Valor Total Checkouts Número topográfico Inventario / Código de Barras Date last seen Date checked out Ejemplar Price effective from Forma de adquisición Tipo de material
    Dewey Decimal Classification     General Inventariado 2017 Bogotá Bogotá 27/04/2007 Instituto 15000.00 1 LB-665.12 M97g 024005 22/08/2014 18/07/2014 Ej.1 04/12/2012 Canje Libro